Suurimmat kaupungit kirjaimittain - R - Statistics

Yleistilastot
  • Tätä visaa on pelattu 671 kertaa
  • Keskiarvotulos 6 / 10
Vastaustilastot
Valtio Väkiluku Kaupunki % Oikein
Brasilia 13,4 milj. Rio de Janeiro
95%
Italia 3,45 milj. Rooma
94%
Saudi-Arabia 9,15 milj. Riad
87%
Alankomaat 3,38 milj. Rotterdam
87%
Marokko 2,13 milj. Rabat
77%
Saksa 5,65 milj. {Ruhr}in alue
77%
Yhdysvallat 1,77 milj. Raleigh
37%
Brasilia 3,93 milj. Recife
33%
Pakistan 3,73 milj. Rawalpindi
21%
Intia 2,08 milj. Rajkot
15%
Ehtoja vastaavia visoja ei löytynyt
Tulosjakauma
Jokaisen tuloksen saaneiden osuus
Persentiili vastausten määrän mukaan
Tuloshistoriasi
Et ole pelannut tätä visaa